Get out of your own way (Record no. 240781)
[ view plain ]
| 000 -LEADER | |
|---|---|
| fixed length control field | 01636nam a22002177a 4500 |
| 003 - CONTROL NUMBER IDENTIFIER | |
| control field | St Aloysius Coll |
| 005 - DATE AND TIME OF LATEST TRANSACTION | |
| control field | 20260122145530.0 |
| 008 - FIXED-LENGTH DATA ELEMENTS--GENERAL INFORMATION | |
| fixed length control field | 260117b |||||||| |||| 00| 0 eng d |
| 020 ## - INTERNATIONAL STANDARD BOOK NUMBER | |
| International Standard Book Number | 9781472140371 |
| 040 ## - CATALOGING SOURCE | |
| Transcribing agency | AL |
| 041 ## - LANGUAGE CODE | |
| Language code of text/sound track or separate title | English |
| 082 ## - DEWEY DECIMAL CLASSIFICATION NUMBER | |
| Classification number | 158.1 |
| Item number | HESG |
| 100 ## - MAIN ENTRY--PERSONAL NAME | |
| Personal name | Alan Hester |
| 9 (RLIN) | 251635 |
| 245 ## - TITLE STATEMENT | |
| Title | Get out of your own way |
| 260 ## - PUBLICATION, DISTRIBUTION, ETC. | |
| Place of publication, distribution, etc. | London |
| Name of publisher, distributor, etc. | Robinson |
| Date of publication, distribution, etc. | 2018 |
| 300 ## - PHYSICAL DESCRIPTION | |
| Extent | 206p. |
| Other physical details | PB |
| Dimensions | 19.5x12.5cm |
| 365 ## - TRADE PRICE | |
| Source of price type code | General |
| Price type code | 5468 |
| Price amount | ₹319.00 |
| Currency code | ₹ |
| Unit of pricing | ₹399.00 |
| Price note | 20% |
| Price effective from | 10/01/2026 |
| 520 ## - SUMMARY, ETC. | |
| Summary, etc. | Alan Hester's insightful statement will ring bells with many people. So many of us will regularly and repeatedly stop ourselves from doing what we most want to do. We will get in our own way. We may compare ourselves with more successful people and look for unfair advantages that they have and we don't. We may bemoan our luck or be plagued by any number of common conditions, such as starting something and not finishing it, making bad decisions or no decision at all. We may lack self-belief and think we don't deserve success, that we may be ridiculed or judged, that there is no point in even trying, or feel uncomfortable trying. These are just a few of the ways in which, through fear, ego and lack of confidence, we get in our own way. The author's argument is that although we may not be able to control certain events in our life, we can control our response to those events and thereby decide the outcome. He has written this book so we can learn how to get out of our own way and become our own best adviser, motivator and friend. |
| 650 ## - SUBJECT ADDED ENTRY--TOPICAL TERM | |
| Source of heading or term | Psychology |
| Topical term or geographic name entry element | Applied Psychology |
| 9 (RLIN) | 251636 |
| 942 ## - ADDED ENTRY ELEMENTS (KOHA) | |
| Source of classification or shelving scheme | Dewey Decimal Classification |
| Koha item type | Book |
| Withdrawn status | Lost status | Source of classification or shelving scheme | Damaged status | Not for loan | Collection code | Home library | Current library | Date acquired | Source of acquisition | Cost, normal purchase price | Total Checkouts | Full call number | Barcode | Date last seen | Date last checked out | Cost, replacement price | Price effective from | Koha item type |
|---|---|---|---|---|---|---|---|---|---|---|---|---|---|---|---|---|---|---|
| Dewey Decimal Classification | MA English | St Aloysius PG Library | St Aloysius PG Library | 01/14/2026 | Biblios Book Point | 319.00 | 1 | 158.1 HESG | PG025169 | 02/26/2026 | 02/16/2026 | 399.00 | Book |